01222nam a22002177a 4500003000900000008004100009040007100050082001900121100002200140245007900162260004500241300003800286505053200324650002300856650002400879650001300903650001000916650002000926650003000946710002800976AR-CdUCM190318b ||||| |||| 00| 0 spa d aMUNICIPALIDAD PROVINCIAL DEL CUSCOcBIBLIOTECA MUNICIPAL DEL CUSCO a869.56 /bAV95 aAvendaño, Angel aHistoria de la Literatura del Qosqo /bDel tiempo Mítico al siglos XX : aCusco :bMunicipalidad del Cusco,c1993. a3 tomos ;bIlustraciones,c22 cm. aContenido : t.1: Marco de referencia : conflicto y deslindes -- ¿Existe literatura del Qosqo? -- Historia y vida -- Qosqo en su Literatura -- Poesía quechua inka -- t.2: Retorno a las arcillas : Literatura del siglo XX en el Qosqo -- Jose Uriel Garcia: Lección incesante -- Luis Valcarcel : su despertar Qosqoruna -- Jose Gabriel Cosio : la leyenda del sabio -- Alberto Delgado : Tardíos modernistas -- t.3: Cristobal de Molina -- Inka Garcilaso de la Vega -- Ignacio de Castro -- Clorinda Matto de Turner -- Poesía... aLiteratura Peruana aPoesía Cusqueña aSiglo XX aInkas aTiempo mítico aNarración Prehispanicas aMunicipalidad del Cusco